[Event "4NCL 2021-22"]
[Site "England"]
[Date "2022.03.27"]
[Round "6.40"]
[White "Shaw, Peter"]
[Black "Bennett, Patrick"]
[Result "1/2-1/2"]
[WhiteElo "2094"]
[BlackElo "1963"]
[Annotator "NA"]
[PlyCount "140"]
[EventDate "2021.11.27"]
[EventType "team-tourn"]
[EventCountry "ENG"]
[SourceTitle "playchess.com"]
[Source "ChessBase"]
[SourceQuality "1"]
[TimeControl "40/6000+30:3000+30"]

1. d4 {[%emt 0:00:04]} Nf6 {[%emt 0:00:20]} 2. c4 {[%emt 0:00:10]} g6 {[%emt 0:00:14]} 3. Nc3 {[%emt 0:00:08]} Bg7 {[%emt 0:00:39]} 4. e4 {[%emt 0:00:06]} d6 {[%emt 0:00:06]} 5. Nf3 {[%emt 0:00:04]} O-O {[%emt 0:00:21]} 6. Be2 {[%emt 0:00:05]} e5 {[%emt 0:01:20]} 7. Be3 {[%emt 0:00:15]} Ng4 {[%emt 0:03:44]} 8. Bg5 {[%emt 0:00:17]} f6 {[%emt 0:00:05]} 9. Bh4 {[%emt 0:00:14]} Nc6 {[%emt 0:06:57]} 10. d5 {[%emt 0:00:23]} Ne7 {[%emt 0:00:09]} 11. Nd2 {[%emt 0:00:20]} Nh6 {[%emt 0:00:58]} 12. f3 {[%emt 0:00:22]} f5 {[%emt 0:02:14]} 13. b4 {[%emt 0:06:53]} a5 {[%emt 0:05:55]} 14. a3 {[%emt 0:01:49]} axb4 {[%emt 0:01:56]} 15. axb4 {[%emt 0:00:05]} Rxa1 {[%emt 0:00:04]} 16. Qxa1 {[%emt 0:00:06]} Bf6 {[%emt 0:02:52]} 17. Bxf6 {[%emt 0:09:32]} Rxf6 {[%emt 0:00:09]} 18. Qa8 {[%emt 0:02:33]} Rf8 {[%emt 0:09:11]} 19. c5 {[%emt 0:01:19]} c6 {[%emt 0:04:11]} 20. O-O {[%emt 0:20:47]} Nf7 {[%emt 0:06:13]} 21. Nc4 {[%emt 0:25:17]} dxc5 {[%emt 0:19:47]} 22. bxc5 {[%emt 0:01:41]} cxd5 {[%emt 0:00:07]} 23. exd5 {[%emt 0:01:05]} Nxd5 {[%emt 0:00:31]} 24. Rd1 {[%emt 0:01:21]} Nc7 25. Qa5 {[%emt 0:07:24]} Qe7 {[%emt 0:03:15]} 26. Nd6 {[%emt 0:00:30]} Be6 {[%emt 0:10:06]} 27. Nxb7 {[%emt 0:01:51]} Ra8 {[%emt 0:01:29]} 28. Qb6 {[%emt 0:02:11]} Ra3 {[%emt 0:00:51]} 29. Nb5 {[%emt 0:05:18]} Nd5 {[%emt 0:06:02]} 30. Rxd5 {[%emt 0:02:53]} Bxd5 {[%emt 0:00:20]} 31. Nxa3 {[%emt 0:00:15]} Qxb7 {[%emt 0:01:32]} 32. Nc4 {[%emt 0:10:36]} Qa8 {[%emt 0:02:51]} 33. Na5 {[%emt 0:00:24]} Qd8 {[%emt 0:05:33]} 34. h3 {[%emt 0:04:48]} Kf8 {[%emt 0:00:49]} 35. Bb5 {[%emt 0:00:35]} e4 {[%emt 0:06:56]} 36. fxe4 {[%emt 0:01:07]} Bxe4 {[%emt 0:00:27]} 37. Qxd8+ {[%emt 0:00:51]} Nxd8 {[%emt 0:00:02]} 38. g3 {[%emt 0:04:43]} Ke7 {[%emt 0:00:41]} 39. Kf2 {[%emt 0:00:18]} Ne6 {[%emt 0:00:55]} 40. c6 {[%emt 0:00:50]} Kd6 {[%emt 0:01:30]} 41. Bc4 {[%emt 0:06:46]} Bd5 {[%emt 0:09:01]} 42. Bxd5 {[%emt 0:06:17]} Kxd5 {[%emt 0:00:26]} 43. Ke3 {[%emt 0:00:17]} Kd6 {[%emt 0:05:08]} 44. Nc4+ {[%emt 0:05:47]} Kxc6 {[%emt 0:00:12]} 45. Ne5+ {[%emt 0:00:04]} Kd5 {[%emt 0:00:26]} 46. Nd3 {[%emt 0:00:43]} g5 {[%emt 0:01:51]} 47. Nb4+ {[%emt 0:02:30]} Ke5 {[%emt 0:01:13]} 48. Nd3+ {[%emt 0:00:06]} Kf6 {[%emt 0:00:26]} 49. Kf3 {[%emt 0:00:35]} h5 {[%emt 0:01:24]} 50. Ke3 {[%emt 0:01:38]} Nc7 {[%emt 0:05:07]} 51. Nb4 {[%emt 0:02:32]} Ke6 {[%emt 0:01:55]} 52. Nd3 {[%emt 0:00:22]} Nd5+ {[%emt 0:00:39]} 53. Kf3 {[%emt 0:00:06]} g4+ {[%emt 0:01:07]} 54. hxg4 {[%emt 0:00:17]} hxg4+ {[%emt 0:00:07]} 55. Kg2 {[%emt 0:01:28]} Nf6 {[%emt 0:01:06]} 56. Nf4+ {[%emt 0:02:01]} Ke5 {[%emt 0:00:11]} 57. Ng6+ {[%emt 0:00:41]} Ke4 {[%emt 0:00:53]} 58. Kf2 {[%emt 0:00:46]} Nd5 {[%emt 0:01:38]} 59. Ke2 {[%emt 0:02:28]} Nb4 {[%emt 0:00:43]} 60. Nh4 {[%emt 0:04:39]} Nc2 {[%emt 0:01:12]} 61. Ng2 {[%emt 0:01:28]} Nd4+ {[%emt 0:00:54]} 62. Kf2 {[%emt 0:00:07]} Ne6 {[%emt 0:01:42]} 63. Nh4 {[%emt 0:00:29]} Ng5 {[%emt 0:00:15]} 64. Kg2 {[%emt 0:01:05]} Nf7 {[%emt 0:01:17]} 65. Kf2 {[%emt 0:00:11]} Nd6 {[%emt 0:00:11]} 66. Ke2 {[%emt 0:01:14]} Kd4 {[%emt 0:01:04]} 67. Kf2 {[%emt 0:00:17]} Kd3 {[%emt 0:00:46]} 68. Kg1 {[%emt 0:02:51]} Ke3 {[%emt 0:01:07]} 69. Kg2 {[%emt 0:00:21]} Ke2 {[%emt 0:00:15]} 70. Kg1 {[%emt 0:00:07]} Ke3 {[%emt 0:03:40]} 1/2-1/2

[Event "4NCL 2021-22"]
[Site "England"]
[Date "2022.03.27"]
[Round "6.41"]
[White "Gormally, Daniel W"]
[Black "Olson, Hamish"]
[Result "1/2-1/2"]
[WhiteElo "2483"]
[BlackElo "2296"]
[Annotator "ChessBase"]
[PlyCount "97"]
[EventDate "2021.11.27"]
[EventType "team-tourn"]
[EventCountry "ENG"]
[SourceTitle "playchess.com"]
[Source "ChessBase"]
[SourceQuality "1"]
[TimeControl "40/6000+30:3000+30"]

1. d4 {[%emt 0:05:11]} d5 {[%emt 0:00:11]} 2. c4 {[%emt 0:00:33]} e6 {[%emt 0:00:06]} 3. Nf3 {[%emt 0:00:04]} Nf6 {[%emt 0:00:19]} 4. g3 {[%emt 0:00:16]} Bb4+ {[%emt 0:00:08]} 5. Bd2 {[%emt 0:00:06]} Be7 {[%emt 0:00:24]} 6. Bg2 {[%emt 0:00:13]} O-O {[%emt 0:00:10]} 7. O-O {[%emt 0:00:06]} Nbd7 {[%emt 0:00:10]} 8. Qc2 {[%emt 0:00:08]} c6 {[%emt 0:00:26]} 9. Bf4 {[%emt 0:00:06]} b6 {[%emt 0:03:02]} 10. Nbd2 {[%emt 0:00:47]} Nh5 {[%emt 0:05:08]} 11. Rfc1 {[%emt 0:06:06]} Bb7 {[%emt 0:02:28]} 12. cxd5 {[%emt 0:03:55]} Nxf4 {[%emt 0:05:26]} 13. gxf4 {[%emt 0:00:04]} cxd5 {[%emt 0:03:51]} 14. Qc7 {[%emt 0:08:07]} Rb8 {[%emt 0:03:13]} 15. e3 {[%emt 0:02:15]} Nf6 {[%emt 0:01:52]} 16. Qc2 {[%emt 0:06:57]} g6 {[%emt 0:04:34]} 17. Ne5 {[%emt 0:01:32]} Ra8 {[%emt 0:17:58]} 18. Qc7 {[%emt 0:03:50]} Rb8 {[%emt 0:01:48]} 19. Qxd8 {[%emt 0:02:14]} Rfxd8 {[%emt 0:02:11]} 20. Ndf3 {[%emt 0:02:48]} h6 {[%emt 0:04:53]} 21. Rc7 {[%emt 0:05:19]} Kf8 {[%emt 0:01:00]} 22. Bf1 {[%emt 0:06:02]} Ne8 {[%emt 0:02:28]} 23. Rc3 {[%emt 0:05:52]} Rbc8 {[%emt 0:04:24]} 24. Rac1 {[%emt 0:00:19]} Rxc3 {[%emt 0:05:04]} 25. Rxc3 {[%emt 0:00:05]} Rc8 {[%emt 0:02:27]} 26. Rxc8 {[%emt 0:00:05]} Bxc8 {[%emt 0:00:15]} 27. Nc6 {[%emt 0:00:03]} a5 {[%emt 0:01:25]} 28. Nfe5 {[%emt 0:00:13]} Nd6 {[%emt 0:01:03]} 29. Na7 {[%emt 0:02:04]} Bd8 {[%emt 0:01:13]} 30. Nxc8 {[%emt 0:07:20]} Nxc8 {[%emt 0:00:17]} 31. a4 {[%emt 0:01:14]} Nd6 {[%emt 0:01:15]} 32. Bd3 {[%emt 0:00:58]} Bc7 {[%emt 0:00:54]} 33. Kf1 {[%emt 0:00:19]} Kg7 {[%emt 0:03:02]} 34. Ke2 {[%emt 0:00:16]} g5 {[%emt 0:01:30]} 35. fxg5 {[%emt 0:00:04]} hxg5 {[%emt 0:00:12]} 36. h3 {[%emt 0:00:19]} f6 {[%emt 0:01:42]} 37. Nc6 {[%emt 0:00:08]} f5 {[%emt 0:04:07]} 38. Na7 {[%emt 0:01:14]} Bb8 {[%emt 0:01:02]} 39. Nb5 {[%emt 0:00:23]} Nxb5 {[%emt 0:00:13]} 40. Bxb5 {[%emt 0:00:04]} Kf6 {[%emt 0:00:14]} 41. f3 {[%emt 0:50:04]} Bd6 {[%emt 0:50:55]} 42. Bc6 {[%emt 0:00:15]} Bc7 {[%emt 0:00:37]} 43. Kd3 {[%emt 0:00:13]} Bg3 {[%emt 0:00:23]} 44. e4 {[%emt 0:00:46]} fxe4+ {[%emt 0:00:20]} 45. fxe4 {[%emt 0:00:04]} dxe4+ {[%emt 0:00:10]} 46. Kxe4 {[%emt 0:00:04]} Bf2 {[%emt 0:00:10]} 47. d5 {[%emt 0:00:20]} exd5+ {[%emt 0:00:16]} 48. Bxd5 {[%emt 0:00:03]} Bg1 {[%emt 0:00:14]} 49. b3 {[%emt 0:00:04]} 1/2-1/2

[Event "4NCL 2021-22"]
[Site "England"]
[Date "2022.03.27"]
[Round "6.42"]
[White "Berry, Neil"]
[Black "Ansell, Simon T"]
[Result "0-1"]
[WhiteElo "2267"]
[BlackElo "2432"]
[Annotator "NA"]
[PlyCount "98"]
[EventDate "2021.11.27"]
[EventType "team-tourn"]
[EventCountry "ENG"]
[SourceTitle "playchess.com"]
[Source "ChessBase"]
[SourceQuality "1"]
[TimeControl "40/6000+30:3000+30"]

1. d4 {[%emt 0:02:53]} d5 {[%emt 0:00:56]} 2. c4 {[%emt 0:00:14]} c6 {[%emt 0:00:11]} 3. Nc3 {[%emt 0:00:28]} dxc4 {[%emt 0:01:44]} 4. e3 {[%emt 0:00:40]} b5 {[%emt 0:02:08]} 5. a4 {[%emt 0:00:44]} b4 {[%emt 0:00:22]} 6. Ne4 {[%emt 0:00:56]} Qd5 {[%emt 0:01:30]} 7. Nd2 {[%emt 0:01:22]} Ba6 {[%emt 0:00:32]} 8. Qc2 {[%emt 0:02:08]} c3 {[%emt 0:06:58]} 9. bxc3 {[%emt 0:01:27]} bxc3 {[%emt 0:00:17]} 10. Qxc3 {[%emt 0:00:27]} Bxf1 {[%emt 0:00:08]} 11. Kxf1 {[%emt 0:00:22]} Nf6 {[%emt 0:06:16]} 12. Ne2 {[%emt 0:01:57]} e6 {[%emt 0:07:26]} 13. Nf4 {[%emt 0:01:34]} Qd8 {[%emt 0:01:56]} 14. Nd3 {[%emt 0:03:57]} Be7 {[%emt 0:13:53]} 15. Ba3 {[%emt 0:02:06]} O-O {[%emt 0:04:12]} 16. Bxe7 {[%emt 0:18:41]} Qxe7 {[%emt 0:01:34] [#]} 17. Qc5 {[%emt 0:00:16]} (17. g3 $1 $16) 17... Qb7 {[%emt 0:02:08]} 18. Qc4 {[%emt 0:12:44]} Nbd7 {[%emt 0:05:50]} 19. Ke2 {[%emt 0:11:46]} c5 {[%emt 0:12:34]} 20. dxc5 {[%emt 0:06:01]} Qxg2 {[%emt 0:00:26]} 21. Rhg1 {[%emt 0:04:04]} (21. Nf3 $14 {might be stronger.}) 21... Qh3 {[%emt 0:04:16]} 22. Rg5 $11 {[%emt 0:08:22]} ({White should try} 22. c6 $14 Nb6 23. Qd4) 22... Rac8 {[%emt 0:09:21]} 23. Nf3 {[%emt 0:12:12]} h6 {[%emt 0:05:47]} 24. Nf4 {[%emt 0:05:56]} Qxf3+ {[%emt 0:00:14]} 25. Kxf3 {[%emt 0:00:06]} hxg5 {[%emt 0:00:02]} 26. Nd3 {[%emt 0:01:46]} Rxc5 {[%emt 0:00:24]} 27. Qb3 {[%emt 0:02:06]} Rd5 {[%emt 0:01:15]} 28. Kg2 {[%emt 0:01:36]} Rb8 {[%emt 0:03:57]} 29. Qc2 {[%emt 0:00:37]} g4 {[%emt 0:01:51]} 30. Rb1 {[%emt 0:00:34]} Rxb1 {[%emt 0:00:36]} 31. Qxb1 {[%emt 0:00:59]} a5 {[%emt 0:00:18]} 32. Qb3 {[%emt 0:00:21]} Ne4 {[%emt 0:06:13]} 33. Qc4 {[%emt 0:01:28]} Ndf6 {[%emt 0:00:23]} 34. Qc8+ {[%emt 0:01:07]} Kh7 {[%emt 0:00:07]} 35. Qc2 {[%emt 0:00:31]} g6 {[%emt 0:01:37]} 36. Kf1 {[%emt 0:03:55]} Kg7 {[%emt 0:00:47]} 37. Ke2 {[%emt 0:00:21]} Rh5 {[%emt 0:06:55]} 38. Qc7 {[%emt 0:00:56]} Nd5 {[%emt 0:00:18]} 39. Qb8 {[%emt 0:00:59]} Ndc3+ {[%emt 0:00:31]} 40. Kf1 {[%emt 0:00:58]} Rf5 {[%emt 0:02:40]} 41. Qb2 {[%emt 0:07:05]} Kh7 {[%emt 0:03:36]} 42. Qc2 {[%emt 0:03:56]} Nd5 {[%emt 0:06:31]} 43. Kg1 {[%emt 0:05:52]} Ng5 {[%emt 0:03:21]} 44. Kg2 {[%emt 0:08:42]} Nf6 {[%emt 0:04:14]} 45. Qc7 {[%emt 0:05:09]} Nfe4 {[%emt 0:01:26]} 46. Qb7 {[%emt 0:02:18]} Rd5 {[%emt 0:01:17]} 47. Qa6 {[%emt 0:12:50]} Nf3 {[%emt 0:01:47]} 48. Qb7 {[%emt 0:01:35]} Nd6 {[%emt 0:00:38]} 49. Qb3 {[%emt 0:00:19]} Rxd3 {[%emt 0:00:13]} 0-1

[Event "4NCL 2021-22"]
[Site "England"]
[Date "2022.03.27"]
[Round "6.43"]
[White "Ledger, Andrew J"]
[Black "Gourlay, Iain"]
[Result "1/2-1/2"]
[WhiteElo "2438"]
[BlackElo "2318"]
[Annotator "TA"]
[PlyCount "58"]
[EventDate "2021.11.27"]
[EventType "team-tourn"]
[EventCountry "ENG"]
[SourceTitle "playchess.com"]
[Source "ChessBase"]
[SourceQuality "1"]

{[%evp 10,58,34,14,27,25,28,4,11,0,7,0,13,0,0,-70,-60,-141,-147,-139,-136,-125,-136,-137,-143,-134,-146,-183,-177,-181,-182,-214,-179,-198,-114,-190,-95,-128,-8,-51,-11,-14,0,0,0,0,0,0,0,0,0]} 1. d4 d5 2. c4 c6 3. Nf3 Nf6 4. e3 Bf5 5. Nc3 a6 6. Qb3 Ra7 {D15: Slav Defence: 4 Nc3 a6 and gambit lines after 4 Nc3 dxc4.} 7. Nh4 Bc8 8. Qc2 b5 9. b3 e5 10. dxe5 Ne4 {[#]} 11. Nf3 $146 ({Predecessor:} 11. Nxe4 dxe4 12. Qxe4 Bb4+ 13. Ke2 O-O 14. g3 Qa5 15. a3 Bc3 16. Ra2 bxc4 17. bxc4 {½-½ (25) Ponomariov,R (2686)-Antipov,M (2598) Linares 2018}) 11... Bb4 12. Bd2 ({Better is} 12. Bb2 $11) 12... Nxd2 $15 {[%mdl 64] [#] Overworked Piece} 13. Nxd2 (13. Qxd2 $15 Nd7 14. Nd4 (14. cxd5 Qa5 $17) 14... Nxe5 15. Nc2 Bxc3 16. Qxc3) 13... d4 $36 {[%mdl 2048] White is under strong pressure.} 14. exd4 Qxd4 15. Rc1 Qxe5+ ({Don't take} 15... Bc5 16. Nf3 Qg4 17. h3 $14 (17. cxb5 axb5 18. h3 Qg6 $14)) 16. Qe4 Re7 17. Qxe5 Rxe5+ 18. Be2 {[#]} O-O $1 {Hoping for ...Rfe8.} 19. Nf1 Rfe8 {( -> ...Rxe2+)} 20. Ng3 f5 {And now ...f4 would win.} 21. f4 R5e7 (21... Re3 $19 22. Kd2 Nd7) 22. Kd2 (22. O-O $17) 22... g5 ({Inferior is} 22... Re3 23. Bf3 $17) (22... Bd6 $19 23. Rhf1 g6) 23. Bd3 Bc5 (23... gxf4 $17 24. Nh5 Nd7 25. Nxf4 Ne5 26. cxb5 axb5) 24. Rcf1 Be3+ 25. Kc2 {The position is equal.} Bxf4 26. Bxf5 Bxf5+ 27. Nxf5 {aiming for g3.} Re5 28. Nh6+ {Pair of Knights!} Kg7 29. g3 Kxh6 {White happily takes the draw.  Weighted Error Value: White=0.22 (precise) /Black=0.25 (precise)} 1/2-1/2

[Event "4NCL 2021-22"]
[Site "England"]
[Date "2022.03.27"]
[Round "6.44"]
[White "McKay, Roderick M"]
[Black "Bates, Richard A"]
[Result "1-0"]
[WhiteElo "2208"]
[BlackElo "2444"]
[Annotator "NA"]
[PlyCount "61"]
[EventDate "2021.11.27"]
[EventType "team-tourn"]
[EventCountry "ENG"]
[SourceTitle "playchess.com"]
[Source "ChessBase"]
[SourceQuality "1"]
[TimeControl "40/6000+30:3000+30"]

1. e4 {[%emt 0:01:26]} c5 {[%emt 0:00:08]} 2. Nf3 {[%emt 0:00:27]} d6 {[%emt 0:00:05]} 3. d4 {[%emt 0:02:43]} cxd4 {[%emt 0:00:07]} 4. Nxd4 {[%emt 0:00:06]} Nf6 {[%emt 0:00:07]} 5. Nc3 {[%emt 0:00:06]} a6 {[%emt 0:00:10]} 6. Bg5 {[%emt 0:04:12]} Nc6 {[%emt 0:00:33]} 7. Qd2 {[%emt 0:00:52]} e6 {[%emt 0:00:09]} 8. O-O-O {[%emt 0:02:26]} Bd7 {[%emt 0:00:41]} 9. f3 {[%emt 0:03:08]} b5 {[%emt 0:07:32]} 10. Nxc6 {[%emt 0:03:14]} Bxc6 {[%emt 0:00:14]} 11. Qe1 {[%emt 0:00:26]} Be7 {[%emt 0:06:02]} 12. h4 {[%emt 0:13:44]} Qc7 {[%emt 0:18:10]} 13. Bxf6 {[%emt 0:03:01]} Bxf6 {[%emt 0:00:48]} (13... gxf6 $11 14. a3 O-O-O) 14. Nd5 {[%emt 0:02:24]} Bxd5 {[%emt 0:01:17]} 15. exd5 {[%emt 0:00:09]} e5 {[%emt 0:17:41]} 16. g4 {[%emt 0:02:26]} O-O {[%emt 0:01:32]} 17. g5 {[%emt 0:03:09]} (17. Bd3 $14) 17... Bd8 {[%emt 0:02:32]} 18. Bd3 {[%emt 0:00:43]} g6 {[%emt 0:07:02]} 19. Kb1 {[%emt 0:12:05]} Qc5 {[%emt 0:02:25]} (19... f5 $14) 20. h5 {[%emt 0:03:48]} Ra7 {[%emt 0:18:18]} (20... Qxd5 $2 21. Be4 Qe6 22. hxg6 fxg6 23. Bd5 Qxd5 24. Rxd5 $18) 21. Qh4 $16 {[%emt 0:08:40]} Qe3 {[%emt 0:07:07]} 22. hxg6 {[%emt 0:02:13]} fxg6 {[%emt 0:00:06]} 23. Bxg6 {[%emt 0:12:32]} hxg6 {[%emt 0:00:30]} 24. Rde1 {[%emt 0:01:09]} Qc5 {[%emt 0:08:38]} 25. f4 {[%emt 0:10:43]} Ba5 {[%emt 0:07:41]} 26. Ref1 {[%emt 0:06:17]} e4 {[%emt 0:01:44]} 27. f5 {[%emt 0:02:03]} Qd4 {[%emt 0:01:17]} 28. f6 {[%emt 0:01:40]} Kf7 {[%emt 0:00:05]} 29. Qg4 {[%emt 0:01:36]} Kg8 {[%emt 0:00:44]} 30. Qe6+ {[%emt 0:00:35]} Raf7 {[%emt 0:00:16]} 31. Rh6 {[%emt 0:01:27]} 1-0

[Event "4NCL 2021-22"]
[Site "England"]
[Date "2022.03.27"]
[Round "6.45"]
[White "Webb, Laurence E"]
[Black "Morrison, Graham"]
[Result "1-0"]
[WhiteElo "2256"]
[BlackElo "2258"]
[Annotator "NA"]
[PlyCount "169"]
[EventDate "2021.11.27"]
[EventType "team-tourn"]
[EventCountry "ENG"]
[SourceTitle "playchess.com"]
[Source "ChessBase"]
[SourceQuality "1"]
[TimeControl "40/6000+30:3000+30"]

1. b3 {[%emt 0:00:07]} e5 {[%emt 0:00:16]} 2. Bb2 {[%emt 0:00:03]} Nc6 {[%emt 0:00:23]} 3. e3 {[%emt 0:00:04]} Nf6 {[%emt 0:00:34]} 4. Bb5 {[%emt 0:00:16]} Bd6 {[%emt 0:00:43]} 5. Na3 {[%emt 0:01:00]} Na5 {[%emt 0:01:06]} 6. Be2 {[%emt 0:00:58]} a6 {[%emt 0:00:19]} 7. c4 {[%emt 0:00:57]} O-O {[%emt 0:03:54]} 8. Nc2 {[%emt 0:00:58]} Nc6 {[%emt 0:02:00]} 9. Nf3 {[%emt 0:05:39]} Re8 {[%emt 0:05:43]} 10. d4 {[%emt 0:01:24]} exd4 {[%emt 0:02:36]} 11. Nfxd4 {[%emt 0:11:42]} Bf8 {[%emt 0:08:22]} (11... Nxd4 $142 12. Bxd4 (12. Qxd4 Be5 $17) 12... c6) 12. Nxc6 {[%emt 0:02:15]} bxc6 {[%emt 0:00:22]} 13. O-O {[%emt 0:01:25]} c5 {[%emt 0:04:15]} 14. Bf3 {[%emt 0:03:28]} Rb8 {[%emt 0:00:39]} 15. Re1 {[%emt 0:09:24]} Ne4 {[%emt 0:13:18]} 16. Bxe4 {[%emt 0:01:37]} Rxe4 {[%emt 0:00:08]} 17. f3 {[%emt 0:00:26]} Re6 {[%emt 0:03:28]} 18. e4 {[%emt 0:00:43]} a5 {[%emt 0:01:13]} 19. Bc3 {[%emt 0:06:50]} a4 {[%emt 0:00:12]} 20. bxa4 {[%emt 0:00:34]} Ra8 {[%emt 0:10:04]} 21. Ne3 {[%emt 0:01:35]} d6 {[%emt 0:04:56]} 22. a5 {[%emt 0:04:53]} Ba6 $16 {[%emt 0:02:20]} 23. Qd3 {[%emt 0:04:53]} Qe8 {[%emt 0:04:39]} 24. Nd5 {[%emt 0:02:58]} Rc8 {[%emt 0:00:13]} 25. a4 {[%emt 0:05:55]} f6 {[%emt 0:04:48]} 26. f4 {[%emt 0:03:11]} Qf7 {[%emt 0:00:58]} 27. f5 {[%emt 0:04:37]} Ree8 {[%emt 0:00:12]} 28. Rab1 {[%emt 0:01:20]} Rb8 {[%emt 0:02:32]} 29. Rb5 {[%emt 0:03:56]} c6 {[%emt 0:03:12]} 30. Rxb8 {[%emt 0:02:49]} Rxb8 {[%emt 0:01:06]} 31. Nb6 {[%emt 0:00:11]} Re8 {[%emt 0:06:51]} 32. h3 {[%emt 0:02:27]} Kh8 {[%emt 0:10:05]} 33. Re3 {[%emt 0:01:24]} Qc7 {[%emt 0:04:18]} 34. Qe2 {[%emt 0:02:13]} Qf7 {[%emt 0:01:16]} 35. Kf2 {[%emt 0:00:35]} Kg8 {[%emt 0:00:58]} 36. g4 {[%emt 0:00:47]} Qc7 {[%emt 0:01:44]} 37. Kg2 {[%emt 0:01:20]} Qe7 {[%emt 0:00:40]} 38. Kf3 {[%emt 0:04:50]} Qc7 {[%emt 0:00:23]} 39. Be1 {[%emt 0:01:35]} Qf7 {[%emt 0:02:30]} 40. Bg3 {[%emt 0:00:27]} Rd8 {[%emt 0:03:13]} 41. Bf4 {[%emt 0:52:32]} g5 {[%emt 0:52:50]} 42. Bg3 {[%emt 0:03:43]} h5 {[%emt 0:00:00]} 43. gxh5 {[%emt 0:00:00]} Qxh5+ {[%emt 0:00:00]} 44. Kg2 {[%emt 0:00:00]} Qxe2+ {[%emt 0:00:00]} 45. Rxe2 {[%emt 0:00:00]} Kf7 {[%emt 0:00:00]} 46. Rd2 {[%emt 0:00:00]} Be7 {[%emt 0:00:00]} 47. Kf3 {[%emt 0:00:00]} Kg7 {[%emt 0:00:00]} 48. Rh2 {[%emt 0:00:00]} Rh8 {[%emt 0:00:00]} 49. Ke3 {[%emt 0:00:00]} Kf7 {[%emt 0:00:00]} 50. Kd3 {[%emt 0:00:00]} Ke8 {[%emt 0:00:00]} 51. h4 {[%emt 0:00:00]} gxh4 {[%emt 0:00:00]} 52. Rxh4 {[%emt 0:00:00]} Rxh4 {[%emt 0:00:00]} 53. Bxh4 {[%emt 0:00:00]} Bd8 {[%emt 0:00:00]} 54. Ke3 {[%emt 0:00:00]} Ke7 {[%emt 0:00:00]} 55. Bg3 {[%emt 0:00:00]} Bc7 {[%emt 0:00:00]} 56. Kf3 {[%emt 0:00:00]} Ke8 {[%emt 0:00:00]} 57. Kg4 {[%emt 0:00:00]} Ke7 {[%emt 0:00:00]} 58. Kh5 {[%emt 0:00:00]} Kf7 {[%emt 0:00:00]} 59. Bf4 {[%emt 0:00:00]} Kg7 {[%emt 0:00:59]} 60. Bg3 {[%emt 0:00:00]} Kf7 {[%emt 0:01:41]} 61. Kh6 {[%emt 0:00:00]} Bb7 {[%emt 0:04:20]} 62. Nd7 {[%emt 0:00:00]} Bxa5 {[%emt 0:01:12]} 63. Bxd6 {[%emt 0:00:00]} Ba6 {[%emt 0:00:26]} 64. e5 {[%emt 0:00:00]} Bxc4 {[%emt 0:00:01]} 65. Nxf6 {[%emt 0:00:00]} Bd3 {[%emt 0:00:30]} 66. Kg5 {[%emt 0:00:00]} Bd2+ {[%emt 0:00:02]} 67. Kg4 {[%emt 0:00:00]} Be2+ {[%emt 0:00:01]} 68. Kg3 {[%emt 0:00:00]} Bd3 {[%emt 0:00:11]} 69. Nd7 {[%emt 0:00:00]} Bxf5 {[%emt 0:00:05]} 70. Nxc5 {[%emt 0:00:00]} Be3 {[%emt 0:00:45]} 71. a5 {[%emt 0:00:00]} Bxc5 {[%emt 0:00:14]} 72. Bxc5 {[%emt 0:00:00]} Bd3 {[%emt 0:02:05]} 73. Kf4 {[%emt 0:00:00]} Ke6 {[%emt 0:00:28]} 74. Ke3 {[%emt 0:00:00]} Bf1 {[%emt 0:00:48]} 75. Kd4 {[%emt 0:00:00]} Kd7 {[%emt 0:00:39]} 76. Bd6 {[%emt 0:00:00]} Kc8 {[%emt 0:00:46]} 77. e6 {[%emt 0:00:00]} Bh3 {[%emt 0:02:34]} 78. e7 {[%emt 0:00:00]} Kd7 {[%emt 0:01:31]} 79. Kc5 {[%emt 0:00:00]} Bf1 {[%emt 0:00:19]} 80. Kb6 {[%emt 0:00:00]} c5 {[%emt 0:00:33]} 81. Bxc5 {[%emt 0:00:00]} Bg2 {[%emt 0:00:26]} 82. a6 {[%emt 0:00:00]} Bd5 {[%emt 0:00:26]} 83. Ka7 {[%emt 0:00:00]} Bc4 {[%emt 0:00:53]} 84. Kb7 {[%emt 0:00:00]} Bd5+ {[%emt 0:00:05]} 85. Kb8 {[%emt 0:00:00]} 1-0